Detalles MARC
| 000 -CABECERA |
| campo de control de longitud fija |
01394nam a2200193 a 4500 |
| 001 - NÚMERO DE CONTROL |
| campo de control |
000048282 |
| 005 - FECHA Y HORA DE LA ÚLTIMA TRANSACCIÓN |
| campo de control |
20201002061037.0 |
| 008 - DATOS DE LONGITUD FIJA--INFORMACIÓN GENERAL |
| campo de control de longitud fija |
181212s2004 dr ad 000 0 spa d |
| 040 ## - FUENTE DE LA CATALOGACIÓN |
| Centro catalogador/agencia de origen |
DO-SdBNP |
| Lengua de catalogación |
spa |
| Centro/agencia transcriptor |
BNPHU |
| 082 ## - NÚMERO DE LA CLASIFICACIÓN DECIMAL DEWEY |
| Número de clasificación |
xx |
| Número de documento/Ítem |
xx |
| 245 00 - MENCIÓN DE TÍTULO |
| Título |
Estudio sobre el comercio fronterizo entre República Dominicana y la República de Haití : |
| Resto del título |
propuesta para la formalización y humanización del mercado binacional de República de Haití y República Dominicana / |
| Mención de responsabilidad, etc. |
director Eddy Martínez Manzueta. |
| 260 ## - PUBLICACIÓN, DISTRIBUCIÓN, ETC. |
| Lugar de publicación, distribución, etc. |
Santo Domingo : |
| Nombre del editor, distribuidor, etc. |
Centro de Exportación e Inversión de la República Dominicana, |
| Fecha de publicación, distribución, etc. |
[200. |
| 300 ## - DESCRIPCIÓN FÍSICA |
| Extensión |
204 p. : |
| Otras características físicas |
il., retrs., gráf. |
| 504 ## - NOTA DE BIBLIOGRAFÍA, ETC. |
| Nota de bibliografía, etc. |
Bibliografía : p. 203-204 |
| 505 ## - NOTA DE CONTENIDO CON FORMATO |
| Nota de contenido con formato |
Introducción -- |
| Título |
Informe general de Haití -- |
| -- |
Principales puertos -- |
| -- |
Comportamiento del comercio de Haití -- |
| -- |
Principales productos comerciales -- |
| -- |
Exportaciones dominicanas hacia Haití, por puerto de salida -- |
| -- |
La frontera y sus condiciones generales -- |
| -- |
Análisis del mercado fronterizo -- |
| -- |
Caraterísticas de la demanda -- |
| -- |
Oportunidades del Mercado haitiano -- |
| -- |
Condiciones de accesoal mercado fronterizo -- |
| -- |
Resultados de encuesta aplicada en mercado binacional fronterizos -- |
| -- |
Conclusiones y recomendaciones |
| 590 ## - NOTA LOCAL (RLIN) |
| Nota local |
Inventariado, 2019/VM |
| 700 ## - PUNTO DE ACCESO ADICIONAL--NOMBRE DE PERSONA |
| Nombre de persona |
Martínez Manzueta, Eddy |
| Término indicativo de función/relación |
dir. |
| 9 (RLIN) |
75709 |
| 710 2# - PUNTO DE ACCESO ADICIONAL--NOMBRE DE ENTIDAD CORPORATIVA |
| Nombre de entidad corporativa o nombre de jurisdicción como elemento de entrada |
Centro de Exportación e Inversión de la República Dominicana |
| 9 (RLIN) |
75710 |